Statistics for Religion True or False

Click here to take the quiz!

General Stats

  • This quiz has been taken 803 times
  • The average score is 10 of 15

Answer Stats

QuestionAnswer% Correct
Pork consumption is forbidden by Islamic dietary lawsTrue
95%
Two of the holiest cities in Islam are located in Saudi ArabiaTrue
90%
Vodou is a witchcraft religion founded in EuropeFalse
84%
Cardinal is the next highest ranks in the Catholic church after the popeTrue
81%
It is possible to be Buddhist and Shinto at the same timeTrue
79%
China is world's largest atheist countryTrue
76%
Less than 1% of the world's population is JewishTrue
73%
India is the only Hindu-majority country in the worldFalse
71%
There are more books in the Catholic Bible than in the Protestant BibleTrue
68%
Daoism is based on the teachings of ConfuciusFalse
62%
Judaism is the first monotheist (believing in one God) religion in historyFalse
46%
You can become an "Operating Thetan" in WiccaFalse
46%
Only about 12% of the United States are irreligious (WIN/GIA, 2017)False
42%
Eve is Adam's "second wife"True
39%
According to Buddhism, once a person reaches "nirvana" their body vanishes and their soul ascends to heavenFalse
38%

Score Distribution

Percentile by Number Answered

Percent of People with Each Score

Your Score History

You have not taken this quiz